000 002460000a22000970004500
100 1 _aBlois, Kees de
245 1 0 _aForma y significado
300 _aVol. 2, Num. 1 (Octubre, 1991), Páginas 14-19
773 0 _tTraducción de la Biblia
942 _cANA
999 _c52655
_d52655